000 00462nam a2200205Ia 4500
001 12462
003 GE_BSU
008 181216s||||||||xx |||||||||||||| ||und||
020 _a0553402374
040 _cGE_BSU
080 _a821.111-32
100 _aGeorge,Elizabeth.
245 _aFor the Sake of Elena.
260 _aGreat Britain.
260 _bBantam Books.
260 _c1996
300 _a490p;18cm.
653 _aFor the Sake of Elena.
942 _cBK
999 _c45636
_d45636